000 00940nam a2200217Ii 4500
003 JO-AjNU
008 230605s9999||||xx |||||||||||||| ||und||
017 _a1997/10/1475
040 _aJO-AjNU
_bara
_erda
_cJO-AjNU
041 _aara
050 1 4 _aGV1595.K42 1998
100 3 _aتاليف خطايبة، أكرم، م.مشارك بيريزينا، أوليفيا,
_eauthor
_938779
245 0 0 _aمنهاج الحركات الايقاعية في التربية الرياضية = Curieulum of choreographm in phgsical education
250 _aط1
264 3 1 _aعمان: دار الفكر للطباعة والنشر والتوزيع، 1998
300 _a109ص باللغة العربية /97ص باللغة الانجليزية
_bصور توضيحية
336 _atext
_btxt
_2rdacontent
337 _aunmediated
_bn
_2rdamedia
338 _avolume
_bnc
_2rdacarrier
650 4 _aالتربية الرياضية - الرقص
_938780
999 _aA16321
_c19889
_d19889